000 00684nam a2200181Ia 4500
008 100917s9999 xx 000 0 und d
082 _b13303
100 _aपांगारकर लक्ष्मण रामचंद्र
245 _aनिरंजन माधवांचा कवितासंग्रह भा. 1
260 _b---
_c1919
300 _a176
365 _b0
520 _aकविता
630 _aनिरंजन माधवांचा कवितासंग्रह भा. 1
650 _aकविता
730 _aनिरंजन माधवांचा कवितासंग्रह भा. 1
942 _cBOOK
999 _c618697
_d618694